[Event "Kaluga Tsiolkovsky Memorial op"]
[Site "Kaluga"]
[Date "2013.08.08"]
[Round "6"]
[White "Savin, Alexander"]
[Black "Tolkachev, Grigory"]
[Result "1-0"]
[WhiteElo "2302"]
[BlackElo "1711"]
[PlyCount "49"]
[EventDate "2013.08.03"]
[EventType "swiss"]
[EventRounds "9"]
[EventCountry "RUS"]
[SourceTitle "CBM 156 Extra"]
[Source "ChessBase"]
[SourceDate "2013.10.22"]
[SourceVersion "1"]
[SourceVersionDate "2013.10.22"]
[SourceQuality "1"]

1. c4 e5 2. Nc3 c5 3. g3 g6 4. Bg2 Ne7 5. d3 Bg7 6. e4 0-0 7. Nge2 f5 8. 0-0 d6 9. Bg5 h6 10. Bxe7 Qxe7 11. Nd5 Qd8 12. a3 Be6 13. Nec3 Nc6 14. exf5 Bxf5 15. Rb1 Nd4 16. Ne3 Bc8 17. b4 a6 18. bxc5 dxc5 19. Bxb7 Bxb7 20. Rxb7 Qc8 21. Rb2 Qh3 22. f3 Ra7 23. Rbf2 Raf7 24. Ncd5 Qh5 25. Kg2 1-0

[Event "Kaluga Tsiolkovsky Memorial op"]
[Site "Kaluga"]
[Date "2013.08.03"]
[Round "1"]
[White "Shirokov, Vecheslav"]
[Black "Savin, Alexander"]
[Result "1/2-1/2"]
[WhiteElo "2078"]
[BlackElo "2302"]
[PlyCount "115"]
[EventDate "2013.08.03"]
[EventType "swiss"]
[EventRounds "9"]
[EventCountry "RUS"]
[SourceTitle "CBM 156 Extra"]
[Source "ChessBase"]
[SourceDate "2013.10.22"]
[SourceVersion "1"]
[SourceVersionDate "2013.10.22"]
[SourceQuality "1"]

1. f4 d5 2. Nf3 c5 3. e3 Nf6 4. b3 e6 5. Bb2 Nc6 6. Be2 Be7 7. 0-0 0-0 8. Ne5 Qc7 9. d3 Nd7 10. Nxd7 Bxd7 11. Nd2 e5 12. fxe5 Nxe5 13. d4 Ng6 14. Nf3 Rfe8 15. c4 Bf6 16. Qd2 Be6 17. Rac1 Qe7 18. cxd5 Bxd5 19. Rxc5 Qxe3+ 20. Qxe3 Rxe3 21. Kf2 Rae8 22. Bb5 Bc6 23. Re1 Rxe1 24. Nxe1 Bxb5 25. Rxb5 b6 26. Rd5 Nf4 27. Rd7 Re2+ 28. Kf3 Rxb2 29. Kxf4 Rxa2 30. d5 h6 31. Nf3 Bg5+ 32. Kg3 Rb2 33. Rxa7 Rxb3 34. Kg4 Rd3 35. Nxg5 hxg5 36. Rb7 Rxd5 37. Rxb6 f6 38. g3 Kh7 39. Rb4 Kg6 40. Rb6 Rd2 41. h3 Rf2 42. h4 gxh4 43. Kxh4 Rd2 44. Kg4 Rd4+ 45. Kf3 Kg5 46. Rb3 f5 47. Ra3 Kh5 48. Rb3 g5 49. Ra3 f4 50. gxf4 Rxf4+ 51. Kg3 Rg4+ 52. Kh3 Rg1 53. Kh2 Rf1 54. Kg2 Rd1 55. Kg3 Rd5 56. Rb3 g4 57. Ra3 Rf5 58. Rb3 1/2-1/2